[Event "Rapid 2018"]
[Site "Saint-Petersburg"]
[Date "2018.12.28"]
[Round "12"]
[Board "56"]
[White "Kazhgaleyev Murtas (KAZ)"]
[Black "Piorun Kacper (POL)"]
[Result "0-1"]
[LiveChessVersion "1.4.8"]
[BlackElo "2615"]
[WhiteElo "2462"]

1. d4 {[%clk 0:15:17]} Nf6 {[%clk 0:15:17]} 2. c4 {[%clk 0:15:25]} e6
{[%clk 0:15:24]} 3. Nc3 {[%clk 0:15:33]} Bb4 {[%clk 0:15:31]} 4. e3
{[%clk 0:15:42]} b6 {[%clk 0:15:09]} 5. Nge2 {[%clk 0:15:46]} Ba6
{[%clk 0:14:41]} 6. a3 {[%clk 0:15:55]} Be7 {[%clk 0:14:37]} 7. Nf4
{[%clk 0:16:03]} d5 {[%clk 0:14:45]} 8. cxd5 {[%clk 0:16:00]} Bxf1
{[%clk 0:14:53]} 9. dxe6 {[%clk 0:16:08]} Bc4 {[%clk 0:11:54]} 10. Qa4+
{[%clk 0:16:01]} b5 {[%clk 0:12:01]} 11. Nxb5 {[%clk 0:16:08]} Bxb5
{[%clk 0:11:49]} 12. Qxb5+ {[%clk 0:16:13]} c6 {[%clk 0:11:47]} 13. exf7+
{[%clk 0:14:33]} Kxf7 {[%clk 0:10:30]} 14. Qb3+ {[%clk 0:14:31]} Ke8
{[%clk 0:10:38]} 15. Ne6 {[%clk 0:13:35]} Qd7 {[%clk 0:10:47]} 16. e4
{[%clk 0:11:41]} Nxe4 {[%clk 0:08:51]} 17. O-O {[%clk 0:11:47]} Na6
{[%clk 0:04:07]} 18. Re1 {[%clk 0:11:10]} Nf6 {[%clk 0:03:26]} 19. Bg5
{[%clk 0:10:02]} Nc7 {[%clk 0:02:51]} 20. Nxg7+ {[%clk 0:06:55]} Kf8
{[%clk 0:02:58]} 21. Bh6 {[%clk 0:06:43]} Ncd5 {[%clk 0:02:15]} 22. Nf5+
{[%clk 0:06:23]} Ke8 {[%clk 0:02:23]} 23. Nxe7 {[%clk 0:06:20]} Nxe7
{[%clk 0:02:31]} 24. Bg7 {[%clk 0:06:00]} Rf8 {[%clk 0:02:40]} 25. Bxf8
{[%clk 0:06:03]} Kxf8 {[%clk 0:02:49]} 26. Re6 {[%clk 0:06:00]} Ned5
{[%clk 0:02:17]} 27. Rae1 {[%clk 0:06:06]} Kg7 {[%clk 0:02:18]} 28. Qg3+
{[%clk 0:06:03]} Kf7 {[%clk 0:02:12]} 29. Qd6 {[%clk 0:05:04]} Qxd6
{[%clk 0:01:48]} 30. Rxd6 {[%clk 0:05:13]} Rb8 {[%clk 0:01:57]} 31. b4
{[%clk 0:05:16]} Rb6 {[%clk 0:01:48]} 32. h3 {[%clk 0:05:01]} h5 {[%clk 0:00:56]}
33. Rc1 {[%clk 0:05:06]} Rb7 {[%clk 0:00:55]} 34. Rdxc6 {[%clk 0:05:07]} Re7
{[%clk 0:01:04]} 35. Kf1 {[%clk 0:05:02]} Ne4 {[%clk 0:01:07]} 36. R1c2
{[%clk 0:04:52]} Rd7 {[%clk 0:01:01]} 37. b5 {[%clk 0:04:47]} Rd8
{[%clk 0:00:39]} 38. a4 {[%clk 0:04:49]} Nb4 {[%clk 0:00:36]} 39. Rc7+
{[%clk 0:04:56]} Kf6 {[%clk 0:00:45]} 40. Rc1 {[%clk 0:04:01]} Rxd4
{[%clk 0:00:26]} 41. Rxa7 {[%clk 0:04:02]} Nd5 {[%clk 0:00:20]} 42. b6
{[%clk 0:03:23]} Rb4 {[%clk 0:00:16]} 43. a5 {[%clk 0:03:12]} Rb2
{[%clk 0:00:25]} 44. Kg1 {[%clk 0:02:49]} Nf4 {[%clk 0:00:25]} 45. b7
{[%clk 0:01:57]} Rxf2 {[%clk 0:00:21]} 46. Ra6+ {[%clk 0:01:37]} Kg5
{[%clk 0:00:18]} 47. Rc5+ {[%clk 0:00:36]} Kh4 {[%clk 0:00:20]} 48. Rg6
{[%clk 0:00:29]} Rb2 {[%clk 0:00:15]} 49. a6 {[%clk 0:00:34]} Nxg6
{[%clk 0:00:14]} 50. a7 {[%clk 0:00:43]} Nf4 {[%clk 0:00:17]} 51. g3+
{[%clk 0:00:13]} Kxh3 {[%clk 0:00:14]} 52. Rxh5+ {[%clk 0:00:20]} Nxh5
{[%clk 0:00:16]} 53. Kf1 {[%clk 0:00:27]} Nhxg3+ {[%clk 0:00:24]} 0-1

[Event "Rapid 2018"]
[Site "Saint-Petersburg"]
[Date "2018.12.28"]
[Round "12"]
[Board "57"]
[White "Smirin Ilia (ISR)"]
[Black "Zhigalko Andrey (BLR)"]
[Result "1-0"]
[LiveChessVersion "1.4.8"]
[BlackElo "2523"]
[WhiteElo "2601"]

1. e4 {[%clk 0:15:18]} c5 {[%clk 0:15:19]} 2. Nf3 {[%clk 0:15:25]} d6
{[%clk 0:15:28]} 3. d4 {[%clk 0:15:34]} cxd4 {[%clk 0:15:37]} 4. Nxd4
{[%clk 0:15:42]} Nf6 {[%clk 0:15:46]} 5. Nc3 {[%clk 0:15:49]} a6 {[%clk 0:15:54]}
6. g3 {[%clk 0:15:46]} e6 {[%clk 0:15:53]} 7. Bg2 {[%clk 0:15:53]} Be7
{[%clk 0:16:02]} 8. O-O {[%clk 0:15:51]} O-O {[%clk 0:16:10]} 9. b3
{[%clk 0:15:47]} Qc7 {[%clk 0:15:33]} 10. Bb2 {[%clk 0:15:42]} Rd8
{[%clk 0:14:41]} 11. Nce2 {[%clk 0:15:10]} e5 {[%clk 0:14:07]} 12. Nf5
{[%clk 0:15:12]} Bxf5 {[%clk 0:13:47]} 13. exf5 {[%clk 0:15:20]} d5
{[%clk 0:13:49]} 14. h3 {[%clk 0:13:39]} Nc6 {[%clk 0:12:52]} 15. g4
{[%clk 0:13:47]} Bc5 {[%clk 0:10:25]} 16. Kh1 {[%clk 0:12:25]} Rac8
{[%clk 0:08:58]} 17. Ng3 {[%clk 0:11:41]} h6 {[%clk 0:08:03]} 18. h4
{[%clk 0:11:26]} Ne4 {[%clk 0:02:22]} 19. Bxe4 {[%clk 0:10:29]} dxe4
{[%clk 0:02:31]} 20. Qe2 {[%clk 0:10:38]} Be7 {[%clk 0:02:24]} 21. g5
{[%clk 0:08:01]} hxg5 {[%clk 0:02:32]} 22. Nxe4 {[%clk 0:08:09]} Nd4
{[%clk 0:01:59]} 23. Qg4 {[%clk 0:06:18]} Qxc2 {[%clk 0:01:31]} 24. Bxd4
{[%clk 0:05:36]} Rxd4 {[%clk 0:01:04]} 25. Rae1 {[%clk 0:05:44]} Rc6
{[%clk 0:00:21]} 26. hxg5 {[%clk 0:05:23]} Bxg5 {[%clk 0:00:25]} 27. Kg2
{[%clk 0:05:08]} Bf4 {[%clk 0:00:14]} 28. f6 {[%clk 0:04:21]} g6 {[%clk 0:00:21]}
29. Rh1 {[%clk 0:04:23]} Rxe4 {[%clk 0:00:18]} 30. Qh4 {[%clk 0:03:32]} Bh2
{[%clk 0:00:15]} 31. Rxe4 {[%clk 0:03:34]} Rxf6 {[%clk 0:00:21]} 32. Qxf6
{[%clk 0:03:19]} Qxe4+ {[%clk 0:00:27]} 33. Kxh2 {[%clk 0:03:28]} 1-0

[Event "Rapid 2018"]
[Site "Saint-Petersburg"]
[Date "2018.12.28"]
[Round "12"]
[Board "58"]
[White "Lomasov Semyon (RUS)"]
[Black "Tsydypov Zhamsaran (RUS)"]
[Result "1-0"]
[LiveChessVersion "1.4.8"]
[BlackElo "2595"]
[WhiteElo "2416"]

1. e4 {[%clk 0:15:10]} c5 {[%clk 0:15:05]} 2. Nf3 {[%clk 0:15:18]} d6
{[%clk 0:15:12]} 3. d4 {[%clk 0:15:23]} cxd4 {[%clk 0:15:21]} 4. Nxd4
{[%clk 0:15:31]} Nf6 {[%clk 0:15:29]} 5. Nc3 {[%clk 0:15:40]} a6 {[%clk 0:15:37]}
6. Bg5 {[%clk 0:15:48]} e6 {[%clk 0:15:44]} 7. f4 {[%clk 0:15:54]} h6
{[%clk 0:15:52]} 8. Bh4 {[%clk 0:16:00]} Qb6 {[%clk 0:16:00]} 9. a3
{[%clk 0:16:02]} Nbd7 {[%clk 0:15:58]} 10. Bf2 {[%clk 0:16:06]} Qc7
{[%clk 0:16:06]} 11. Qf3 {[%clk 0:15:54]} b5 {[%clk 0:16:12]} 12. O-O-O
{[%clk 0:16:00]} Bb7 {[%clk 0:16:17]} 13. g4 {[%clk 0:16:02]} Be7
{[%clk 0:15:45]} 14. h4 {[%clk 0:16:01]} Nc5 {[%clk 0:15:48]} 15. Bd3
{[%clk 0:15:57]} h5 {[%clk 0:14:41]} 16. gxh5 {[%clk 0:15:58]} Nxh5
{[%clk 0:14:28]} 17. Kb1 {[%clk 0:15:23]} g6 {[%clk 0:13:30]} 18. Rhe1
{[%clk 0:14:43]} Nf6 {[%clk 0:12:59]} 19. Qh3 {[%clk 0:14:28]} Rc8
{[%clk 0:08:43]} 20. Nb3 {[%clk 0:10:51]} Nxd3 {[%clk 0:06:17]} 21. cxd3
{[%clk 0:10:49]} Nh5 {[%clk 0:06:14]} 22. f5 {[%clk 0:10:13]} e5 {[%clk 0:05:50]}
23. d4 {[%clk 0:08:45]} Nf4 {[%clk 0:05:32]} 24. Qg4 {[%clk 0:08:46]} a5
{[%clk 0:05:27]} 25. dxe5 {[%clk 0:08:02]} dxe5 {[%clk 0:05:33]} 26. fxg6
{[%clk 0:08:10]} Nxg6 {[%clk 0:03:16]} 27. Rc1 {[%clk 0:03:54]} Qd7
{[%clk 0:03:10]} 28. Qxd7+ {[%clk 0:03:54]} Kxd7 {[%clk 0:03:19]} 29. Nxa5
{[%clk 0:03:59]} Ba8 {[%clk 0:03:23]} 30. Rcd1+ {[%clk 0:03:59]} Ke6
{[%clk 0:03:26]} 31. Nxb5 {[%clk 0:04:03]} Nxh4 {[%clk 0:03:04]} 32. Na7
{[%clk 0:02:12]} Rcd8 {[%clk 0:01:22]} 33. N7c6 {[%clk 0:01:52]} Nf3
{[%clk 0:01:07]} 34. Nxd8+ {[%clk 0:01:25]} Rxd8 {[%clk 0:00:21]} 35. Bb6
{[%clk 0:00:27]} Rb8 {[%clk 0:00:23]} 36. Nc4 {[%clk 0:00:32]} Nxe1
{[%clk 0:00:28]} 37. Rxe1 {[%clk 0:00:41]} Bc6 {[%clk 0:00:26]} 38. Bc7
{[%clk 0:00:24]} Rc8 {[%clk 0:00:32]} 39. Bxe5 {[%clk 0:00:21]} Ba4
{[%clk 0:00:21]} 40. Nb6 {[%clk 0:00:22]} Bc2+ {[%clk 0:00:30]} 41. Ka2
{[%clk 0:00:18]} Rc6 {[%clk 0:00:39]} 42. Bd4 {[%clk 0:00:22]} Bh4
{[%clk 0:00:30]} 43. Rh1 {[%clk 0:00:15]} Bg5 {[%clk 0:00:38]} 44. Re1
{[%clk 0:00:15]} Rd6 {[%clk 0:00:34]} 45. Nd5 {[%clk 0:00:19]} Bh4
{[%clk 0:00:29]} 46. Re2 {[%clk 0:00:23]} Bd3 {[%clk 0:00:37]} 47. Nf4+
{[%clk 0:00:30]} Kd7 {[%clk 0:00:44]} 48. Nxd3 {[%clk 0:00:38]} Rxd4
{[%clk 0:00:53]} 49. Ne5+ {[%clk 0:00:46]} 1-0

[Event "Rapid 2018"]
[Site "Saint-Petersburg"]
[Date "2018.12.28"]
[Round "12"]
[Board "59"]
[White "Tissir Mohamed (MAR)"]
[Black "Jumabayev Rinat (KAZ)"]
[Result "0-1"]
[LiveChessVersion "1.4.8"]
[BlackElo "2593"]
[WhiteElo "2417"]

1. e4 {[%clk 0:15:18]} e6 {[%clk 0:15:19]} 2. d4 {[%clk 0:15:18]} d5
{[%clk 0:15:28]} 3. Bd3 {[%clk 0:15:24]} dxe4 {[%clk 0:15:13]} 4. Bxe4
{[%clk 0:15:33]} Nf6 {[%clk 0:15:22]} 5. Bd3 {[%clk 0:15:42]} c5 {[%clk 0:15:23]}
6. dxc5 {[%clk 0:15:51]} Bxc5 {[%clk 0:15:31]} 7. Nf3 {[%clk 0:16:00]} a6
{[%clk 0:15:23]} 8. O-O {[%clk 0:16:08]} b6 {[%clk 0:15:08]} 9. Qe2
{[%clk 0:16:15]} Bb7 {[%clk 0:15:17]} 10. Nc3 {[%clk 0:15:48]} Nbd7
{[%clk 0:14:05]} 11. Ne4 {[%clk 0:14:11]} Be7 {[%clk 0:14:05]} 12. Bf4
{[%clk 0:14:11]} Nxe4 {[%clk 0:13:45]} 13. Bxe4 {[%clk 0:14:19]} Qc8
{[%clk 0:13:54]} 14. Rad1 {[%clk 0:14:18]} Nf6 {[%clk 0:13:59]} 15. Bxb7
{[%clk 0:13:53]} Qxb7 16. Ne5 O-O {[%clk 0:14:02]} 17. Rd3 {[%clk 0:14:02]} Rfd8
{[%clk 0:13:11]} 18. Rfd1 {[%clk 0:13:19]} Rxd3 {[%clk 0:13:18]} 19. Rxd3
{[%clk 0:13:29]} Rc8 {[%clk 0:13:15]} 20. c3 {[%clk 0:12:59]} b5 {[%clk 0:13:20]}
21. h3 {[%clk 0:13:08]} Nd5 {[%clk 0:13:10]} 22. Bd2 {[%clk 0:13:00]} Qc7
{[%clk 0:12:24]} 23. Rf3 {[%clk 0:09:48]} Bf6 {[%clk 0:11:39]} 24. Ng4
{[%clk 0:09:49]} Qc4 {[%clk 0:11:43]} 25. Nxf6+ {[%clk 0:09:15]} Nxf6
{[%clk 0:11:50]} 26. Qxc4 {[%clk 0:06:33]} bxc4 {[%clk 0:11:54]} 27. b4
{[%clk 0:06:43]} Nd5 {[%clk 0:12:02]} 28. a4 {[%clk 0:06:43]} a5 {[%clk 0:11:35]}
29. b5 {[%clk 0:06:18]} f6 {[%clk 0:08:31]} 30. Rg3 {[%clk 0:05:44]} Kf7
{[%clk 0:07:47]} 31. Rg4 {[%clk 0:05:49]} e5 {[%clk 0:07:45]} 32. Re4
{[%clk 0:05:45]} Nb6 {[%clk 0:06:49]} 33. Re1 {[%clk 0:05:49]} Rd8
{[%clk 0:06:28]} 34. Be3 {[%clk 0:05:51]} Nxa4 {[%clk 0:06:35]} 35. Ra1
{[%clk 0:05:48]} Nxc3 {[%clk 0:06:42]} 36. Rxa5 {[%clk 0:05:50]} Nd5
{[%clk 0:05:51]} 37. b6 {[%clk 0:03:23]} c3 {[%clk 0:05:19]} 38. Rc5
{[%clk 0:01:22]} Nxb6 {[%clk 0:04:03]} 39. Rxc3 {[%clk 0:01:04]} Rd1+
{[%clk 0:04:12]} 40. Kh2 {[%clk 0:01:13]} Nd5 {[%clk 0:04:21]} 41. Ra3
{[%clk 0:01:17]} Kg6 {[%clk 0:04:01]} 42. g3 {[%clk 0:01:00]} h5 {[%clk 0:04:06]}
43. h4 {[%clk 0:00:54]} Kf5 {[%clk 0:04:09]} 44. Kg2 {[%clk 0:01:03]} Re1
{[%clk 0:04:13]} 45. Bc5 {[%clk 0:01:09]} Rc1 {[%clk 0:04:20]} 46. Be3
{[%clk 0:00:53]} Rc2 {[%clk 0:04:29]} 47. Rb3 {[%clk 0:00:28]} Nc3
{[%clk 0:03:52]} 48. Ba7 {[%clk 0:00:23]} g6 {[%clk 0:03:30]} 49. Be3
{[%clk 0:00:30]} Nd5 {[%clk 0:03:24]} 50. Ra3 {[%clk 0:00:29]} Nc3
{[%clk 0:02:39]} 51. Bb6 {[%clk 0:00:31]} Ne4 {[%clk 0:02:48]} 52. Be3
{[%clk 0:00:34]} Rb2 {[%clk 0:02:32]} 53. Rd3 {[%clk 0:00:20]} Kg4
{[%clk 0:02:10]} 54. Ra3 {[%clk 0:00:11]} Rc2 {[%clk 0:02:12]} 55. Ra4
{[%clk 0:00:19]} Kf5 {[%clk 0:02:20]} 56. Ra3 {[%clk 0:00:28]} Nd6
{[%clk 0:02:19]} 57. Ra6 {[%clk 0:00:15]} Nc4 {[%clk 0:02:17]} 58. Ba7
{[%clk 0:00:21]} e4 {[%clk 0:01:28]} 59. Bd4 {[%clk 0:00:29]} e3 {[%clk 0:01:36]}
60. Rxf6+ {[%clk 0:00:32]} Ke4 {[%clk 0:01:45]} 61. Rf4+ {[%clk 0:00:33]} Kd3
{[%clk 0:01:54]} 62. Ba7 {[%clk 0:00:17]} e2 {[%clk 0:01:54]} 63. Rd4+
{[%clk 0:00:18]} Kc3 {[%clk 0:02:02]} 64. Re4 {[%clk 0:00:27]} Kd2
{[%clk 0:01:54]} 65. Bc5 {[%clk 0:00:17]} Kd1 {[%clk 0:01:56]} 66. Bb4
{[%clk 0:00:23]} Nd2 {[%clk 0:01:53]} 0-1

[Event "Rapid 2018"]
[Site "Saint-Petersburg"]
[Date "2018.12.28"]
[Round "12"]
[Board "60"]
[White "Miton Kamil (POL)"]
[Black "Nihal Sarin (IND)"]
[Result "1/2-1/2"]
[LiveChessVersion "1.4.8"]
[BlackElo "2173"]
[WhiteElo "2590"]

1. d4 {[%clk 0:15:17]} Nf6 {[%clk 0:15:15]} 2. c4 {[%clk 0:15:25]} e6
{[%clk 0:15:23]} 3. g3 {[%clk 0:15:32]} d5 {[%clk 0:15:27]} 4. Bg2
{[%clk 0:15:38]} dxc4 {[%clk 0:15:28]} 5. Nf3 {[%clk 0:15:42]} c5
{[%clk 0:15:36]} 6. O-O {[%clk 0:15:41]} Nc6 {[%clk 0:15:44]} 7. dxc5
{[%clk 0:15:30]} Qxd1 {[%clk 0:15:50]} 8. Rxd1 {[%clk 0:15:37]} Bxc5
{[%clk 0:15:57]} 9. Nbd2 {[%clk 0:15:41]} c3 {[%clk 0:16:05]} 10. bxc3
{[%clk 0:15:47]} O-O {[%clk 0:16:11]} 11. Nb3 {[%clk 0:15:33]} Be7
{[%clk 0:16:17]} 12. c4 {[%clk 0:14:56]} Bd7 {[%clk 0:16:21]} 13. Bb2
{[%clk 0:15:01]} Rfd8 {[%clk 0:16:29]} 14. Ne5 {[%clk 0:14:32]} Rac8
{[%clk 0:14:46]} 15. c5 {[%clk 0:13:42]} Nxe5 {[%clk 0:08:47]} 16. Bxe5 Bc6 17.
Bxc6 {[%clk 0:13:11]} Rxc6 {[%clk 0:06:52]} 18. Rxd8+ {[%clk 0:10:32]} Bxd8
{[%clk 0:07:01]} 19. Rd1 {[%clk 0:07:40]} Be7 {[%clk 0:06:39]} 20. Bxf6
{[%clk 0:04:25]} gxf6 {[%clk 0:06:35]} 21. Rd7 {[%clk 0:04:23]} Bxc5
{[%clk 0:06:41]} 22. Rxb7 {[%clk 0:03:19]} Bb6 {[%clk 0:06:17]} 23. Rd7
{[%clk 0:03:20]} Rc4 {[%clk 0:05:50]} 24. e3 {[%clk 0:03:06]} Kg7
{[%clk 0:05:39]} 25. Kf1 {[%clk 0:03:04]} Ra4 {[%clk 0:05:15]} 26. Rd2
{[%clk 0:03:12]} f5 {[%clk 0:05:08]} 27. Rc2 {[%clk 0:03:17]} h5 {[%clk 0:04:35]}
28. Nd2 {[%clk 0:03:06]} h4 {[%clk 0:04:30]} 29. Nf3 {[%clk 0:02:41]} hxg3
{[%clk 0:04:34]} 30. hxg3 {[%clk 0:02:49]} Kf6 {[%clk 0:04:02]} 31. Ke2
{[%clk 0:02:57]} Ba5 {[%clk 0:03:51]} 32. Nd4 {[%clk 0:02:56]} Bb6
{[%clk 0:03:55]} 33. Nf3 {[%clk 0:03:04]} Ba5 {[%clk 0:04:03]} 34. Nd4
{[%clk 0:03:11]} Bb6 {[%clk 0:04:12]} 1/2-1/2

[Event "Rapid 2018"]
[Site "Saint-Petersburg"]
[Date "2018.12.28"]
[Round "12"]
[Board "61"]
[White "Najer Evgeniy (RUS)"]
[Black "Nozdrachev Vladislav (RUS)"]
[Result "1-0"]
[LiveChessVersion "1.4.8"]
[BlackElo "2507"]
[WhiteElo "2653"]

1. e4 {[%clk 0:12:33]} e5 {[%clk 0:15:18]} 2. Nf3 {[%clk 0:12:42]} Nc6
{[%clk 0:15:26]} 3. Bb5 {[%clk 0:12:45]} a6 {[%clk 0:15:33]} 4. Ba4
{[%clk 0:12:53]} d6 {[%clk 0:15:33]} 5. c3 {[%clk 0:12:53]} Bd7 {[%clk 0:15:20]}
6. O-O {[%clk 0:12:48]} g5 {[%clk 0:14:52]} 7. d4 {[%clk 0:12:39]} g4
{[%clk 0:14:56]} 8. Ne1 {[%clk 0:12:39]} b5 {[%clk 0:14:42]} 9. Bc2
{[%clk 0:12:38]} Bg7 {[%clk 0:14:46]} 10. d5 {[%clk 0:12:16]} Nce7
{[%clk 0:14:53]} 11. a4 {[%clk 0:12:25]} Ng6 {[%clk 0:14:37]} 12. axb5
{[%clk 0:12:25]} axb5 {[%clk 0:14:46]} 13. Rxa8 {[%clk 0:12:33]} Qxa8
{[%clk 0:14:54]} 14. Na3 {[%clk 0:12:41]} N8e7 {[%clk 0:14:43]} 15. Bd3
{[%clk 0:12:21]} Qb7 {[%clk 0:14:13]} 16. Qb3 {[%clk 0:11:28]} O-O
{[%clk 0:13:57]} 17. Bxb5 {[%clk 0:11:26]} Rb8 {[%clk 0:11:58]} 18. c4
{[%clk 0:11:33]} c6 {[%clk 0:12:07]} 19. dxc6 {[%clk 0:11:41]} Nxc6
{[%clk 0:11:29]} 20. Qd1 {[%clk 0:11:26]} Be6 {[%clk 0:11:00]} 21. Bxc6
{[%clk 0:07:16]} Qxc6 {[%clk 0:11:07]} 22. Qc2 {[%clk 0:07:12]} h5
{[%clk 0:07:35]} 23. b3 {[%clk 0:07:19]} h4 {[%clk 0:07:38]} 24. Nb5
{[%clk 0:07:21]} h3 {[%clk 0:07:33]} 25. gxh3 {[%clk 0:07:21]} gxh3
{[%clk 0:07:39]} 26. f3 {[%clk 0:07:01]} d5 {[%clk 0:07:15]} 27. exd5
{[%clk 0:06:37]} Bxd5 {[%clk 0:07:22]} 28. Qd3 {[%clk 0:02:22]} Be6
{[%clk 0:06:28]} 29. Qe4 {[%clk 0:02:10]} Qd7 {[%clk 0:06:08]} 30. Qd3
{[%clk 0:01:14]} Qc6 {[%clk 0:06:11]} 31. Nc2 {[%clk 0:01:01]} f5
{[%clk 0:06:10]} 32. Rd1 {[%clk 0:00:50]} Nh4 {[%clk 0:05:44]} 33. Ne1
{[%clk 0:00:59]} Bf8 {[%clk 0:04:30]} 34. Bg5 {[%clk 0:00:59]} Bc5+
{[%clk 0:04:20]} 35. Kf1 {[%clk 0:00:51]} e4 {[%clk 0:04:27]} 36. Qc3
{[%clk 0:00:53]} Nxf3 {[%clk 0:03:22]} 37. Nxf3 {[%clk 0:01:01]} exf3
{[%clk 0:03:32]} 38. Qf6 {[%clk 0:00:58]} Qe8 {[%clk 0:01:51]} 39. Re1
{[%clk 0:01:06]} Rb6 {[%clk 0:01:59]} 40. Nc7 {[%clk 0:00:18]} Bxc4+
{[%clk 0:00:50]} 41. bxc4 {[%clk 0:00:27]} Qxe1+ {[%clk 0:00:55]} 42. Kxe1
{[%clk 0:00:35]} Rxf6 {[%clk 0:00:49]} 43. Bxf6 {[%clk 0:00:43]} Bd6
{[%clk 0:00:56]} 44. Nd5 {[%clk 0:00:26]} Bxh2 {[%clk 0:01:02]} 45. Kf2
{[%clk 0:00:35]} Kf7 {[%clk 0:01:06]} 46. Kxf3 {[%clk 0:00:42]} Ke6
{[%clk 0:01:13]} 47. Bd4 {[%clk 0:00:48]} Be5 {[%clk 0:01:09]} 48. Bf2
{[%clk 0:00:55]} Bd6 {[%clk 0:00:49]} 49. Nc3 {[%clk 0:00:55]} Be5
{[%clk 0:00:42]} 50. Nb5 {[%clk 0:01:02]} Bb8 {[%clk 0:00:11]} 51. Nd4+
{[%clk 0:01:01]} Kf6 {[%clk 0:00:20]} 52. Ne2 {[%clk 0:00:37]} Ke6
{[%clk 0:00:20]} 53. Nc1 {[%clk 0:00:43]} h2 {[%clk 0:00:25]} 54. Kg2
{[%clk 0:00:52]} Ke5 {[%clk 0:00:33]} 55. Nd3+ {[%clk 0:00:25]} Ke6
{[%clk 0:00:33]} 56. Be3 {[%clk 0:00:28]} Bc7 {[%clk 0:00:38]} 57. Bd4
{[%clk 0:00:23]} Bb8 {[%clk 0:00:34]} 58. Bb6 {[%clk 0:00:30]} Kd6
{[%clk 0:00:38]} 59. Nb4 {[%clk 0:00:28]} Ke6 {[%clk 0:00:40]} 60. c5
{[%clk 0:00:36]} Be5 {[%clk 0:00:37]} 61. Nd3 {[%clk 0:00:24]} Bd4
{[%clk 0:00:41]} 62. Nf4+ {[%clk 0:00:20]} Ke5 {[%clk 0:00:12]} 63. Bc7+
{[%clk 0:00:26]} Ke4 {[%clk 0:00:16]} 64. c6 {[%clk 0:00:32]} Be3
{[%clk 0:00:12]} 65. Kxh2 {[%clk 0:00:29]} Bc5 {[%clk 0:00:13]} 66. Kg2
{[%clk 0:00:24]} Be7 {[%clk 0:00:15]} 67. Kf1 {[%clk 0:00:26]} Kd4
{[%clk 0:00:23]} 68. Bb6+ {[%clk 0:00:34]} 1-0

[Event "Rapid 2018"]
[Site "Saint-Petersburg"]
[Date "2018.12.28"]
[Round "12"]
[Board "62"]
[White "Vastrukhin Oleg (RUS)"]
[Black "Khismatullin Denis (RUS)"]
[Result "1-0"]
[LiveChessVersion "1.4.8"]
[BlackElo "2632"]
[WhiteElo "2495"]

1. Nf3 {[%clk 0:15:15]} d5 {[%clk 0:15:06]} 2. g3 {[%clk 0:15:23]} g6
{[%clk 0:14:52]} 3. Bg2 {[%clk 0:15:27]} Bg7 {[%clk 0:15:01]} 4. d4
{[%clk 0:15:36]} e6 {[%clk 0:14:35]} 5. O-O {[%clk 0:15:29]} Ne7 {[%clk 0:14:43]}
6. Nbd2 {[%clk 0:14:12]} Nbc6 {[%clk 0:13:43]} 7. c3 {[%clk 0:14:07]} f5
{[%clk 0:13:36]} 8. Ne1 {[%clk 0:11:31]} e5 {[%clk 0:12:00]} 9. dxe5
{[%clk 0:11:39]} Nxe5 {[%clk 0:12:09]} 10. Nd3 {[%clk 0:11:43]} Nf7
{[%clk 0:10:36]} 11. c4 {[%clk 0:11:20]} O-O {[%clk 0:09:09]} 12. Qb3
{[%clk 0:10:28]} c6 {[%clk 0:08:54]} 13. Rd1 {[%clk 0:09:38]} Qb6
{[%clk 0:07:25]} 14. Qxb6 {[%clk 0:08:54]} axb6 {[%clk 0:07:34]} 15. cxd5
{[%clk 0:09:01]} Nxd5 {[%clk 0:07:39]} 16. Nc4 {[%clk 0:08:56]} Be6
{[%clk 0:06:40]} 17. Bxd5 {[%clk 0:07:13]} Bxd5 {[%clk 0:06:17]} 18. Nxb6
{[%clk 0:06:43]} Rxa2 {[%clk 0:06:25]} 19. Be3 {[%clk 0:06:29]} Bb3
{[%clk 0:05:44]} 20. Rxa2 {[%clk 0:06:18]} Bxd1 {[%clk 0:05:51]} 21. Kf1
{[%clk 0:05:58]} Ne5 {[%clk 0:05:09]} 22. Nc5 {[%clk 0:05:47]} Ng4
{[%clk 0:04:31]} 23. b3 {[%clk 0:03:22]} Nxe3+ {[%clk 0:02:17]} 24. fxe3
{[%clk 0:03:31]} Rd8 {[%clk 0:02:25]} 25. Ra7 {[%clk 0:01:27]} Bc3
{[%clk 0:00:35]} 26. Rxb7 {[%clk 0:01:06]} Rd2 {[%clk 0:00:43]} 27. Nba4
{[%clk 0:01:08]} Be5 {[%clk 0:00:15]} 28. Ke1 {[%clk 0:01:11]} Rd5
{[%clk 0:00:24]} 29. Nd3 {[%clk 0:00:46]} Bc2 {[%clk 0:00:24]} 30. Kd2
{[%clk 0:00:50]} Bxd3 {[%clk 0:00:24]} 31. exd3 {[%clk 0:00:59]} h5
{[%clk 0:00:26]} 32. d4 {[%clk 0:00:48]} h4 {[%clk 0:00:30]} 33. gxh4
{[%clk 0:00:34]} f4 {[%clk 0:00:19]} 34. Ke2 {[%clk 0:00:29]} Bf6
{[%clk 0:00:28]} 35. Nc3 {[%clk 0:00:25]} Rd8 {[%clk 0:00:17]} 36. Ne4
{[%clk 0:00:24]} Bxh4 {[%clk 0:00:25]} 37. Rb6 {[%clk 0:00:23]} Re8
{[%clk 0:00:17]} 38. Kf3 {[%clk 0:00:24]} fxe3 {[%clk 0:00:20]} 39. Kxe3
{[%clk 0:00:32]} Rc8 {[%clk 0:00:22]} 40. Nd6 {[%clk 0:00:23]} Rc7
{[%clk 0:00:17]} 41. Rb7 {[%clk 0:00:29]} Rxb7 {[%clk 0:00:15]} 42. Nxb7
{[%clk 0:00:38]} Bg5+ {[%clk 0:00:24]} 43. Ke4 {[%clk 0:00:45]} 1-0

[Event "Rapid 2018"]
[Site "Saint-Petersburg"]
[Date "2018.12.28"]
[Round "12"]
[Board "63"]
[White "Sokolin Leonid (USA)"]
[Black "Salgado Lopez Ivan (ESP)"]
[Result "1-0"]
[LiveChessVersion "1.4.8"]
[BlackElo "2618"]
[WhiteElo "2508"]

1. e4 {[%clk 0:15:18]} c5 {[%clk 0:15:19]} 2. Nf3 {[%clk 0:15:27]} Nc6
{[%clk 0:15:27]} 3. Bb5 {[%clk 0:15:35]} g6 {[%clk 0:15:35]} 4. O-O
{[%clk 0:15:41]} Bg7 {[%clk 0:15:43]} 5. Re1 {[%clk 0:15:46]} e5 {[%clk 0:15:40]}
6. Bxc6 {[%clk 0:15:39]} dxc6 {[%clk 0:15:41]} 7. d3 {[%clk 0:15:48]} Qe7
{[%clk 0:15:17]} 8. Nbd2 {[%clk 0:15:27]} Nf6 {[%clk 0:15:22]} 9. a3
{[%clk 0:15:28]} Nh5 {[%clk 0:15:16]} 10. Nc4 {[%clk 0:15:01]} Nf4
{[%clk 0:13:52]} 11. b4 {[%clk 0:14:13]} Bg4 {[%clk 0:09:56]} 12. Be3
{[%clk 0:12:19]} cxb4 {[%clk 0:08:11]} 13. axb4 {[%clk 0:12:28]} Qxb4
{[%clk 0:08:13]} 14. Rb1 {[%clk 0:11:47]} Qe7 {[%clk 0:04:48]} 15. Rxb7
{[%clk 0:11:54]} Bd7 {[%clk 0:04:49]} 16. Qa1 {[%clk 0:07:33]} O-O
{[%clk 0:03:54]} 17. Ncxe5 {[%clk 0:07:09]} Nxg2 {[%clk 0:03:33]} 18. Rxd7
{[%clk 0:06:46]} Qxd7 {[%clk 0:03:38]} 19. Nxd7 {[%clk 0:06:51]} Bxa1
{[%clk 0:03:46]} 20. Rxa1 Rfd8 {[%clk 0:03:29]} 21. Nf6+ {[%clk 0:06:19]} Kg7
{[%clk 0:03:36]} 22. Kxg2 {[%clk 0:05:50]} a5 {[%clk 0:03:44]} 23. Bd4
{[%clk 0:05:45]} a4 {[%clk 0:03:44]} 24. Nd7+ {[%clk 0:05:43]} Kg8
{[%clk 0:03:51]} 25. Nb6 {[%clk 0:05:48]} Ra6 {[%clk 0:03:53]} 26. Rxa4
{[%clk 0:05:52]} Rxa4 27. Nxa4 Ra8 {[%clk 0:04:07]} 28. Nc3 {[%clk 0:06:05]} Ra1
{[%clk 0:04:12]} 29. Be3 {[%clk 0:05:32]} Ra3 {[%clk 0:04:13]} 30. Bd2
{[%clk 0:05:38]} f6 {[%clk 0:04:13]} 31. Nd4 {[%clk 0:05:46]} c5 {[%clk 0:04:18]}
32. Nb3 {[%clk 0:05:54]} c4 {[%clk 0:04:25]} 33. dxc4 {[%clk 0:06:02]} Kf7
{[%clk 0:04:33]} 34. Kf3 {[%clk 0:06:06]} h5 {[%clk 0:04:40]} 35. h4
{[%clk 0:06:15]} Ra8 {[%clk 0:04:43]} 36. c5 {[%clk 0:06:23]} Rd8
{[%clk 0:04:49]} 37. Bf4 {[%clk 0:06:29]} Ke6 {[%clk 0:04:54]} 38. c6
{[%clk 0:06:38]} Rc8 {[%clk 0:05:01]} 39. Nd4+ {[%clk 0:06:44]} Kf7
{[%clk 0:05:07]} 40. Nd5 {[%clk 0:06:50]} 1-0